[Event "Nuremberg Zabo op 06th"]
[Site "Nuremberg"]
[Date "2004.09.25"]
[Round "3"]
[White "Linkies, Sebastian"]
[Black "Bachmann, Rafik"]
[Result "1/2-1/2"]
[WhiteElo "1275"]
[BlackElo "1515"]
[PlyCount "29"]
[EventDate "2004.09.24"]
[EventType "swiss"]
[EventRounds "5"]
[EventCountry "GER"]
[SourceTitle "EXT 2012"]
[Source "ChessBase"]
[SourceDate "2011.11.24"]
[SourceVersion "1"]
[SourceVersionDate "2011.11.24"]
[SourceQuality "1"]

1. c4 e6 2. Nc3 Nf6 3. g3 d5 4. cxd5 exd5 5. d4 Nc6 6. Bg2 Bb4 7. Bd2 0-0 8. Nf3 Bf5 9. 0-0 a6 10. Qb3 b5 11. Bg5 Bxc3 12. Qxc3 Qd6 13. Nh4 Be4 14. Bf4 Qd7 15. Rac1 1/2-1/2

[Event "Nuremberg-ch op 04th"]
[Site "Nuremberg"]
[Date "2004.05.22"]
[Round "2"]
[White "Linkies, Sebastian"]
[Black "Bobzin, Johannes"]
[Result "0-1"]
[WhiteElo "1146"]
[BlackElo "1661"]
[PlyCount "34"]
[EventDate "2004.05.21"]
[EventType "swiss"]
[EventRounds "5"]
[EventCountry "GER"]
[SourceTitle "EXT 2006"]
[Source "ChessBase"]
[SourceDate "2005.11.24"]
[SourceVersion "1"]
[SourceVersionDate "2005.11.24"]
[SourceQuality "1"]

1. c4 Nf6 2. Nc3 g6 3. g3 Bg7 4. Bg2 c5 5. Nf3 Nc6 6. 0-0 0-0 7. e3 d6 8. d4 cxd4 9. exd4 Bf5 10. b3 Rc8 11. Bb2 Qd7 12. d5 Nb4 13. Nh4 Bh3 14. Re1 Bxg2 15. Nxg2 Ng4 16. Rb1 Ne5 17. Qd2 Nf3+ 0-1

[Event "Nuremberg-ch op 04th"]
[Site "Nuremberg"]
[Date "2004.05.22"]
[Round "3"]
[White "Runte, Dirk"]
[Black "Linkies, Sebastian"]
[Result "1/2-1/2"]
[WhiteElo "1594"]
[BlackElo "1146"]
[PlyCount "128"]
[EventDate "2004.05.21"]
[EventType "swiss"]
[EventRounds "5"]
[EventCountry "GER"]
[SourceTitle "EXT 2006"]
[Source "ChessBase"]
[SourceDate "2005.11.24"]
[SourceVersion "1"]
[SourceVersionDate "2005.11.24"]
[SourceQuality "1"]

1. Nf3 Nf6 2. g3 b6 3. Bg2 Bb7 4. 0-0 e6 5. c4 Nc6 6. b3 Be7 7. Bb2 0-0 8. d3 d5 9. e3 dxc4 10. bxc4 Nb4 11. Ba3 Nc6 12. Ne5 Bxa3 13. Nxa3 Qd6 14. Nxc6 Bxc6 15. Bxc6 Qxc6 16. Qb3 Rfd8 17. Rad1 Nd7 18. Nc2 Nc5 19. Nb4 Qd6 20. Qb1 Qe7 21. Nc6 Qf6 22. Nxd8 Rxd8 23. d4 Nd7 24. Qe4 Rb8 25. d5 Nc5 26. Qd4 Qxd4 27. Rxd4 exd5 28. Rxd5 Kf8 29. Rfd1 Ke7 30. Re5+ Kf8 31. Rdd5 g6 32. Kg2 Re8 33. Rxc5 bxc5 34. Rxc5 Rc8 35. Rb5 c5 36. Ra5 Rc7 37. Kf3 Ke7 38. Ke4 Rd7 39. Rxc5 Rd2 40. Rc7+ Ke6 41. Rxa7 Rxf2 42. h4 Kd6 43. Kd4 Rd2+ 44. Kc3 Rf2 45. a4 Rf5 46. g4 Rf3 47. Kd3 Kc5 48. a5 Rf6 49. g5 Rd6+ 50. Kc3 Re6 51. Rxf7 Rxe3+ 52. Kd2 Ra3 53. Rxh7 Rxa5 54. Kc3 Ra3+ 55. Kb2 Rh3 56. h5 Rh2+ 57. Kc3 Rh3+ 58. Kd2 gxh5 59. g6 Rg3 60. Rxh5+ Kxc4 61. Rh6 Kd5 62. Ke2 Ke5 63. Kf2 Rg5 64. Kf3 Kf5 1/2-1/2